000 01256cad a22002535a 4500
001 L144162
008 080625e20080523xxkad f s 000 0 eng d
035 _a(Sirsi) u144162
041 0 _aeng
050 0 4 _a333.33 $2 18
110 2 _aRoyal Institution of Chartered Surveyors
_bEconomics
_95033
245 0 0 _aRICS global real estate weekly
_b23 May 2008
_h[electronic resource]
260 _aLondon
_bRICS
_c2008
490 0 _aRICS Global Real Estate Weekly
_v23 May 2008
520 _aConsiders data on French housebuilding starts which is stronger than in the US or the UK. Also examines British Bankers Association mortgage approval numbers and the implications for UK residential transactions, and discusses US house prices and the level home sales. Looks at the continuing housing market boom in Hong Kong.
590 _aKA
650 2 4 _aRICS GLOBAL REAL ESTATE WEEKLY
651 4 _aInternational
690 _aBUILT ENVIRONMENT-CONSTRUCTION MARKET
690 _aPROPERTY-COMMERCIAL PROPERTY-COMMERCIAL PROPERTY MARKET
690 _aPROPERTY-RESIDENTIAL PROPERTY-RESIDENTIAL PROPERTY MARKET
856 4 0 _uhttps://www.rics.org/site/scripts/download_info.aspx?downloadID=1122
_zView this report free of charge at www.rics.org...
942 _n0
999 _c108398
_d108398